| Tag |
First Indicator |
Second Indicator |
Subfields |
| LEADER |
00000cam a2200000 4500 |
| 001 |
in00000282967 |
| 005 |
20151010090922.0 |
| 008 |
790707s1966 ja a b 00000 eng d |
| 035 |
|
|
|a (OCoLC)05146888
|
| 035 |
|
|
|9 ABG4976AM
|
| 040 |
|
|
|a TXA
|c TXA
|d UtOrBLW
|
| 049 |
|
|
|a TXAM
|c [470595]
|
| 090 |
|
|
|a QH605
|b .W3
|
| 100 |
1 |
|
|a Wada, Bungo.
|
| 245 |
1 |
0 |
|a Analysis of mitosis.
|
| 264 |
|
3 |
|a Tokyo :
|b Printed by Kokusai Bunken Insatsusha,
|c [1966]
|
| 264 |
|
4 |
|c ©1966
|
| 300 |
|
|
|a xii, 158 pages :
|b illustrations
|
| 336 |
|
|
|a text
|b txt
|2 rdacontent
|
| 337 |
|
|
|a unmediated
|b n
|2 rdamedia
|
| 338 |
|
|
|a volume
|b nc
|2 rdacarrier
|
| 500 |
|
|
|a Supplement number to Cytologia, volume 30.
|
| 504 |
|
|
|a Bibliography: pages 143-150.
|
| 650 |
|
0 |
|a Mitosis.
|
| 730 |
0 |
2 |
|a Cytologia.
|p Supplement.
|
| 999 |
|
|
|a MARS
|
| 999 |
f |
f |
|s 27875577-01cd-392d-bf9d-bde9af1707cd
|i 0b8cadf3-0cdf-3ce1-9306-39d771d206d7
|t 0
|
| 952 |
f |
f |
|p ric
|a Texas A&M University
|b Rellis Campus
|c Joint Library Facility
|d Remote Storage
|t 0
|e QH605 .W3
|h Library of Congress classification
|i unmediated -- volume
|m A14804867249
|
| 998 |
f |
f |
|a QH605 .W3
|t 0
|l Remote Storage
|